Tục ngữ dân tộc Thái miền tây xứ Thanh
Giới thiệu một số câu tục ngữ ca dao nói về con người, những câu ví von, răn dạy, những lời than thở,... của dân tộc Thái miền tây Thanh Hóa
Saved in:
| Format: | Book |
|---|---|
| Language: | Undetermined |
| Published: |
Hà Nội
Hội nhà văn
2020
|
| Subjects: | |
| Tags: |
Add Tag
No Tags, Be the first to tag this record!
|
| Institutions: | Trung tâm Học liệu Trường Đại học Cần Thơ |
|---|
| LEADER | 00786nam a2200181Ia 4500 | ||
|---|---|---|---|
| 001 | CTU_240054 | ||
| 008 | 210402s9999 xx 000 0 und d | ||
| 082 | |a 398.99592 | ||
| 082 | |b T506 | ||
| 245 | 0 | |a Tục ngữ dân tộc Thái miền tây xứ Thanh | |
| 245 | 0 | |c Phạm Xuân Cừ (Sưu tầm, biên soạn) | |
| 260 | |a Hà Nội | ||
| 260 | |b Hội nhà văn | ||
| 260 | |c 2020 | ||
| 520 | |a Giới thiệu một số câu tục ngữ ca dao nói về con người, những câu ví von, răn dạy, những lời than thở,... của dân tộc Thái miền tây Thanh Hóa | ||
| 650 | |a Proverbs, Vietnamese,Tục ngữ Việt Nam | ||
| 910 | |b nthai | ||
| 980 | |a Trung tâm Học liệu Trường Đại học Cần Thơ | ||